000 00297nam a22001217a 4500
040 _cBTJ
082 _a631
100 _aសួស ចំណាន
245 _aAgricultural Machinery; ម៉ាសីុនកសិកម្ម
260 _aRUA
_bសួស
_c2011
300 _a39p.
942 _cKB
999 _c10306
_d10306